Score 0/24 Timer 06:00
1 Play Today
% Correct
South Park
98.2%
SpongeBob SquarePants
98%
The Simpsons
97.4%
The Office
97.3%
Family Guy
95.6%
House, M.D.
90.4%
The Big Bang Theory
90.2%
Futurama
89.6%
Sesame Street
88.6%
Seinfeld
84.7%
Sex and the City
84.1%
Full House
82.8%
% Correct
Modern Family
82.3%
Two and a Half Men
81.2%
King of the Hill
81.1%
Gilmore Girls
76%
New Girl
74.9%
How I Met Your Mother
74.7%
Arrested Development
70.5%
American Dad
68.8%
Cougar Town
65%
It's Always Sunny in Philadelphia
53%
Unbreakable Kimmy Schmidt
42.4%
Adventure Time
42.2%
Remove Ads.
Support Sporcle.
Get the best of Sporcle when you Go Orange. This ad-free experience offers more features, more stats, and more fun while also helping to support Sporcle. Thank you for becoming a member.

You're not logged in!

Compare scores with friends on all Sporcle quizzes.
OR
Log In

Show Comments

Extras

Top Quizzes Today


Score Distribution

Your Account Isn't Verified!

In order to create a playlist on Sporcle, you need to verify the email address you used during registration. Go to your Sporcle Settings to finish the process.

Report this User

Report this user for behavior that violates our Community Guidelines.

Details: